European Capital Cities in Their Native Languages - Statistics

General Stats
  • This quiz has been taken 44 times
  • The average score is 42 of 44
Answer Stats
Native English % Correct
Amsterdam Amsterdam
100%
Berlin Berlin
100%
Brussel Brussels
100%
București Bucharest
100%
Budapest Budapest
100%
København Copenhagen
100%
Helsinki Helsinki
100%
Київ Kyiv
100%
Lisboa Lisbon
100%
London London
100%
Madrid Madrid
100%
Oslo Oslo
100%
Paris Paris
100%
Praha Prague
100%
Roma Rome
100%
Stockholm Stockholm
100%
Warszawa Warsaw
100%
Andorra la Vella Andorra la Vella
98%
Bern Bern
98%
Bratislava Bratislava
98%
Chișinău Chișinău
98%
Мінск Minsk
98%
Москва Moscow
98%
Reykjavík Reykjavík
98%
Rīga Riga
98%
Città di San Marino San Marino
98%
Sarajevo Sarajevo
98%
Tallinn Tallinn
98%
Vaduz Vaduz
98%
Valletta Valletta
98%
Vilnius Vilnius
98%
Zagreb Zagreb
98%
Ἀθῆναι Athens
95%
Ljubljana Ljubljana
95%
Tiranë Tirana
95%
Wien Vienna
95%
Ско́пје Skopje
93%
Lëtzebuerg Luxembourg
90%
Бео́град Belgrade
88%
Со́фия Sofia
85%
По̀дгорица Podgorica
83%
Monaco-Ville Monaco-City
80%
Приштина Pristina
78%
Baile Átha Cliath Dublin
73%
No matching quizzes found
Score Distribution
Percent of People with Each Score
Percentile by Number Answered
Your Score History
You have not taken this quiz